Kraje w których znajduje się system kolei podziemnej (Metro) - Statystyki

Ogólne statystyki
  • Ten quiz został rozwiązany 639 razy
    156 od ostatniego zresetowania
  • Średni wynik to 50 z 63
Statystyki odpowiedzi
Rok otwarcia pierwszej linii Nazwa Kraju % Poprawnych
1995 Polska
97%
1935 Rosja
96%
1897 Stany Zjednoczone
95%
1890 Wielka Brytania
95%
1971 Chiny
94%
1924 Hiszpania
94%
1959 Portugalia
94%
1913 Argentyna
93%
1900 Francja
93%
1927 Japonia
93%
1902 Niemcy
93%
1955 Włochy
93%
1974 Czechy
91%
1974 Korea Południowa
91%
1969 Meksyk
91%
1954 Kanada
90%
1966 Norwegia
90%
1950 Szwecja
90%
1960 Ukraina
90%
1974 Brazylia
88%
1987 Egipt
87%
1982 Finlandia
87%
1904 Grecja
87%
1976 Austria
86%
1968 Holandia
86%
2019 Australia
85%
1976 Belgia
85%
1984 Indie
85%
1979 Rumunia
84%
2002 Dania
83%
1989 Turcja
83%
1984 Białoruś
82%
2010 Arabia Saudyjska
81%
1896 Węgry
81%
1973 Korea Północna
80%
2008 Szwajcaria
79%
1998 Bułgaria
78%
1975 Chile
78%
2019 Indonezja
78%
1995 Kolumbia
78%
2009 Zjednoczone Emiraty Arabskie
77%
2011 Algieria
73%
1999 Iran
73%
2011 Peru
73%
1983 Wenezuela
73%
2011 Kazachstan
72%
1999 Tajlandia
71%
1981 Armenia
70%
2024 Wietnam
69%
1967 Azerbejdżan
68%
2019 Katar
68%
2020 Pakistan
68%
1966 Gruzja
66%
2023 Ekwador
63%
1984 Filipiny
62%
1996 Malezja
58%
1987 Singapur
58%
1977 Uzbekistan
56%
2022 Nigeria
54%
2022 Bangladesz
50%
2014 Panama
50%
1996 Tajwan
50%
2009 Dominikana
21%
Nie znaleziono quizów pasujących do podanych kryteriów
Rozkład punktacji
Procent ludzi z każdym wynikiem
Percentyl według liczby udzielonych odpowiedzi
Twoja historia wyników
Nie rozwiązałeś tego quizu od ostatniego zresetowania